• 首页
  • 本馆介绍
  • 公告通知
  • 最新文献
  • 馆藏检索
  • 电子资源
  • 读者导购
  • 参考咨询
  • 我的图书馆
  • 登录
  • 详细信息显示
  • 放入我的书架
  • 预约/预借图书
  • 作者相关作品
  • 分类相关作品
  • 丛书相关作品
  • 出版社相关作品

书目信息

  • 表格格式
  • 工作单格式
  • 卡片格式
题名:
大忙人的趣味博弈论
    
 
作者: 饶朝伟 编著
分册:  
出版信息: 北京   电子工业出版社  2015.1
页数: 219页
开本: 24cm
丛书名: 大忙人书系
单 册:
中图分类: O225-49
科图分类:
主题词: 博弈论--通俗读物
电子资源:
ISBN: 978-7-121-24771-2
000 00850nam 2200253 450
001 0400005929
005 20171031142915.0
010    @a978-7-121-24771-2@dCNY39.80
100    @a20150121d2015 em y0chiy50 ea
101 0  @achi
102    @aCN@b110000
105    @ay z 000yy
106    @ar
200 1  @a大忙人的趣味博弈论@Ada mang ren de qu wei bo yi lun@f饶朝伟编著
210    @a北京@c电子工业出版社@d2015.1
215    @a219页@d24cm
225 1  @a大忙人书系
330    @a本书介绍了囚徒困境、智猪博弈、抢手博弈、斗鸡博弈、谈判博弈、信息博弈、协和谬误等经典博弈游戏,并配以案例,让读者在最短的时间内,能够学到相对实用的博弈论原理和技巧。
410  0 @12001 @a大忙人书系
606 0  @a博弈论@j通俗读物
690    @aO225-49@v5
701  0 @a饶朝伟@Arao zhao wei@4编著
801  0 @aCN@b上海新华@c20171031
905    @b1023615-9@dO225-49@e190@f5
    
    大忙人的趣味博弈论/饶朝伟编著.-北京:电子工业出版社,2015.1
    219页;24cm.-(大忙人书系)
    
    
    ISBN 978-7-121-24771-2:CNY39.80
    本书介绍了囚徒困境、智猪博弈、抢手博弈、斗鸡博弈、谈判博弈、信息博弈、协和谬误等经典博弈游戏,并配以案例,让读者在最短的时间内,能够学到相对实用的博弈论原理和技巧。
●
相关链接 在E读中查询图书 在五车中查询图书 在当当中查询图书 在豆瓣中查询图书


正题名:大忙人的趣味博弈论     索取号:O225-49/190         预约/预借

序号 登录号 条形码 馆藏地/架位号 状态 备注
1 1023615   210236154   第二样本阅览室/ [索取号:O225-49/190] 在馆    
2 1023616   210236163   第三借阅区/ [索取号:O225-49/190] 在馆    
3 1023617   210236172   密集书库-数信学院/ [索取号:O225-49/190] 在馆    
4 1023618   210236181   第三借阅区/ [索取号:O225-49/190] 在馆    
5 1023619   210236190   第三借阅区/ [索取号:O225-49/190] 在馆    
唐山师范学院图书馆 欢迎您!
大连网信软件有限公司© 版权所有